Организационная культура как фактор изменения ценностных ориентаций индивида в организации; Трансформация научных парадигм и коммуникативные практики в информационном социуме

Dettagli Bibliografici
Parent link:Трансформация научных парадигм и коммуникативные практики в информационном социуме.— 2013.— [С. 75-78]
Autore principale: Чаплинская Я. И. Яна Игоревна
Riassunto:Заглавие с титульного листа.
Lingua:russo
Pubblicazione: 2013
Serie:Коммуникативные практики и бизнес - стратегии в современном социуме
Soggetti:
Accesso online:http://www.lib.tpu.ru/fulltext/c/2012/C26/030.pdf
Natura: Elettronico Capitolo di libro
KOHA link:https://koha.lib.tpu.ru/cgi-bin/koha/opac-detail.pl?biblionumber=605178

MARC

LEADER 00000naa2a2200000 4500
001 605178
005 20260225114020.0
035 |a (RuTPU)RU\TPU\conf\2463 
035 |a RU\TPU\conf\2461 
090 |a 605178 
100 |a 20140404d2013 k y0rusy50 ca 
101 0 |a rus 
102 |a RU 
135 |a drnn ---uucaa 
181 0 |a i  
182 0 |a b 
200 1 |a Организационная культура как фактор изменения ценностных ориентаций индивида в организации  |f Я. И. Чаплинская 
203 |a Текст  |c электронный 
215 |a 1 файл (291 Кб) 
225 1 |a Коммуникативные практики и бизнес - стратегии в современном социуме 
300 |a Заглавие с титульного листа. 
320 |a [Библиогр.: с. 77-78 (4 назв.)] 
337 |a Adobe Reader 
463 1 |0 (RuTPU)RU\TPU\conf\2405  |t Трансформация научных парадигм и коммуникативные практики в информационном социуме  |o сборник научных трудов конференции, г. Томск, 22-23 ноября 2012 г.  |f Национальный исследовательский Томский политехнический университет (ТПУ) ; ред. коллегия В. И. Турнаев [и др.]  |v [С. 75-78]  |d 2013 
610 1 |a труды учёных ТПУ 
610 1 |a электронный ресурс 
610 1 |a организационная культура 
610 1 |a ценностные ориентации 
610 1 |a индивиды 
610 1 |a организации 
610 1 |a Россия 
700 1 |a Чаплинская  |b Я. И.  |c экономист  |c младший научный сотрудник Томского политехнического университета  |f 1992-  |g Яна Игоревна  |3 (RuTPU)RU\TPU\pers\40661 
801 2 |a RU  |b 63413507  |c 20181026  |g RCR 
856 4 |u http://www.lib.tpu.ru/fulltext/c/2012/C26/030.pdf 
942 |c CF